| 000 | 00801nam a2200241 i 4500 | ||
|---|---|---|---|
| 001 | 107977 | ||
| 003 | ES-MaACL | ||
| 005 | 20250829080508.0 | ||
| 007 | t| | ||
| 008 | 070105s1970 sp a ||||1| spa d | ||
| 080 | _a821.134.2-7"19"(082.2) | ||
| 080 | _a741.5 | ||
| 245 | 0 | 0 |
_aHumor gráfico español del siglo XX / _cprólogo de Álvaro de Laiglesia. |
| 260 |
_aMadrid : _bSalvat, _c1970. |
||
| 300 |
_a186 p., 1 h. : _bgrab. ; _c19 cm. |
||
| 490 | 1 |
_aBiblioteca básica Salvat de Libros RTV ; _v46 |
|
| 650 | 1 | 4 |
_aHumorismo español- _yS.XX. _913512 |
| 650 | 1 | 4 |
_aDibujo humorístico- _zEspaña- _yS.XX. _911872 |
| 700 | 1 |
_aLaiglesia, Álvaro de. _969667 |
|
| 830 | 0 | 0 |
_aBiblioteca básica Salvat de libros RTV _v46 _9185398 |
| 852 |
_aES-MaACL _jE-2967 |
||
| 999 |
_c107977 _d107977 |
||